000
00254nam a22001097a 4500
008
170124b xxu||||| |||| 00| 0 eng d
020
_a
9781582559322
041
_a
eng
080
_a
618.2
245
_a
NURSE'S DRUG GUIDE 2007
_c
VENABLE, S
942
_2
udc
_c
BK
999
_c
3508
_d
3508